Original BFDI Contestants - Statistics

General Stats
  • This quiz has been taken 279 times
    213 since last reset
  • The average score is 20 of 21
Answer Stats
Hint Contestants % Correct
“I’m just filling in for eraser.” Pen
99%
“We have to stick together!” Pin
99%
“Your so easy to SLAP!” Coiny
98%
“You are NOT allowed in Dream Island, Leafy!” Firey
98%
“Bossy Bot” Golf Ball
97%
“There’s a whole world out there to enjoy, so, Enjoy it!” Leafy
97%
“Oh noyo!” Bonus hint- “Yoylecake!” Bubble
96%
“Bembership!” Match
96%
“DON’T CALL ME NEEDY!!” Needle
96%
“Activate the elimination prevention plan!” Pencil
96%
“Buleh” Rocky
96%
“But what is the next contest?” Eraser
95%
“Aw, Seriously?” David
94%
“I’m wearing non-slip shoes, so HA!” Flower
94%
Teardrop
94%
“But I’m, like, the star of the show!” Blocky
93%
“WALL TELEPORTER!” Tennis Ball
93%
“You WEAKLING!” Snowball
89%
“AHHHhH!” Woody
89%
“Pencil!” Ice Cube
85%
“Uh, uhhhh” Spongy
83%
No matching quizzes found
Score Distribution
Percent of People with Each Score
Percentile by Number Answered
Your Score History
You have not taken this quiz since the last reset